Region will struggle on Brownfield use. (Record no. 61127)

MARC details
000 -LEADER
fixed length control field 01031cam a2200193 4500
001 - CONTROL NUMBER
control field WB3531-14
008 - FIXED-LENGTH DATA ELEMENTS--GENERAL INFORMATION
fixed length control field 000000n1999 000 0 eng u
035 ## - SYSTEM CONTROL NUMBER
System control number (Sirsi) u102035
245 ## - TITLE STATEMENT
Title Region will struggle on Brownfield use.
260 ## - PUBLICATION, DISTRIBUTION, ETC.
Date of publication, distribution, etc. 1999
490 ## - SERIES STATEMENT
Series statement Planning (for the Natural and Built Environment)
Volume/sequential designation (1330) 6 August 1999, 3,6(2)
520 ## - SUMMARY, ETC.
Summary, etc. Draft regional planning guidance reveals that Yorkshire and Humberside will struggle to meet Government's target of building 60% of new homes on brownfield sites, 49% of the 251,700 additional homes needed can be achieved. The guidance is the first to be published in tandem with the draft economic strategy for the region. Advancing together towards a spatial strategy is available from Regional Assembly for Yorkshire and Humberside, tel: 01924 306980; or at: www.planning.haynet.com
650 ## - SUBJECT ADDED ENTRY--TOPICAL TERM
Topical term or geographic name entry element YORKSHIRE AND HUMBERSIDE
650 ## - SUBJECT ADDED ENTRY--TOPICAL TERM
Topical term or geographic name entry element BROWNFIELD SITES
650 ## - SUBJECT ADDED ENTRY--TOPICAL TERM
Topical term or geographic name entry element REGIONAL PLANNING GUIDANCE
650 ## - SUBJECT ADDED ENTRY--TOPICAL TERM
Topical term or geographic name entry element HOUSING DEVELOPMENT
690 ## - LOCAL SUBJECT ADDED ENTRY--TOPICAL TERM (OCLC, RLIN)
Topical term or geographic name as entry element HOUSING
942 ## - ADDED ENTRY ELEMENTS (KOHA)
Suppress in OPAC 0
Holdings
Withdrawn status Lost status Source of classification or shelving scheme Damaged status Not for loan Home library Current library Shelving location Date acquired Total Checkouts Full call number Barcode Date last seen Copy number Price effective from Koha item type
    Dewey Decimal Classification     London London News article 15/11/1999   WB3531-14 102035-1001 06/08/2019 1 06/08/2019 News article